000 00662nam a22002531i 4500
001 7910
010 _a9789722108324
090 _a7910
100 _a20170304u u u0frey50 ba
101 0 _apor
200 1 _fDaniel Sampaio
_aVozes e ruídos
_ediálogos com adoloscentes
210 _cCaminho
_aLisboa
_d1995
215 _a214 p.
_d21 cm
225 2 _aNosso mundo
606 1 _aAdolescente
606 1 _aPsicologia
_93335
675 _a159.9
_9104
700 1 _aSampaio
_bDaniel
_4070
_f1946-
702 1 _aSousa
_b?ngelo Vieira
702 1 _aVarandas
_bPedro
_4205
702 1 _aLevy
_bPedro
_4205
702 1 _aSantos
_bNazaré
_4205
801 _aPT
_gRPC
990 _cLIVROS